[Event "OPEN AUBAGNE CEA 25-26"]
[Site "10 AV Joseph Fallen 13400 AUBAGNE"]
[Date "2025.12.13"]
[Round "4.2"]
[Board "2"]
[White "Belaid, Noa"]
[Black "Engles, Baptiste"]
[Result "1-0"]
[WhiteElo "1782"]
[BlackElo "1725"]
[WhiteFideId "-1"]
[BlackFideId "-1"]
[PlyCount "69"]
[GameId "2255465374048609"]
[EventDate "2025.??.??"]
[WhiteTeam "Hay Chess"]
[BlackTeam "Hay Chess"]

1. e4 c5 2. a3 d6 3. b4 cxb4 4. axb4 Nf6 5. Nc3 e5 6. Bc4 Nbd7 7. Nf3 Be7 8. O-O O-O 9. Re1 b6 10. Bb3 Bb7 11. Rb1 a6 12. d4 Rc8 13. Bd2 Qc7 14. d5 Rfd8 15. h3 Nf8 16. Nh2 Ng6 17. Ng4 Nxg4 18. Qxg4 Qd7 19. Qxd7 Rxd7 20. Na4 Bd8 21. Be3 b5 22. Nb6 Bxb6 23. Bxb6 Ne7 24. c4 bxc4 25. Ba4 Rdc7 26. Bxc7 Rxc7 27. Rbc1 f5 28. f3 fxe4 29. fxe4 c3 30. Bc6 Bxc6 31. Rxc3 Rc8 32. dxc6 Rxc6 33. Rxc6 Nxc6 34. Rd1 Nd4 35. Ra1 1-0

[Event "OPEN AUBAGNE CEA 25-26"]
[Site "10 AV Joseph Fallen 13400 AUBAGNE"]
[Date "2025.12.13"]
[Round "4.3"]
[Board "3"]
[White "Velut, Nicolas"]
[Black "Battaglia, Gerard"]
[Result "0-1"]
[WhiteElo "1728"]
[BlackElo "1735"]
[WhiteFideId "-1"]
[BlackFideId "-1"]
[PlyCount "50"]
[GameId "2255467212824989"]
[EventDate "2025.??.??"]
[WhiteTeam "Hay Chess"]
[BlackTeam "Echiquier Marseillais 1872"]

1. e4 e5 2. Nf3 d6 3. Bc4 Be7 4. d4 exd4 5. Nxd4 Nf6 6. Nc3 O-O 7. f3 c6 8. a4 Nbd7 9. Be3 Ne5 10. Bb3 Qc7 11. Qd2 a6 12. O-O Bd7 13. Rad1 b5 14. axb5 axb5 15. Nce2 c5 16. c3 cxd4 17. Nxd4 Nc4 18. Bxc4 bxc4 19. Nc2 Ba4 20. Rb1 Bxc2 21. Qxc2 d5 22. exd5 Nxd5 23. Bf2 Bc5 24. Rbd1 Bxf2+ 25. Qxf2 Nf4 0-1

[Event "OPEN AUBAGNE CEA 25-26"]
[Site "10 AV Joseph Fallen 13400 AUBAGNE"]
[Date "2025.12.13"]
[Round "4.4"]
[Board "4"]
[White "Gamblin, Vincent"]
[Black "Maggio, Lucas"]
[Result "0-1"]
[WhiteElo "1676"]
[BlackElo "1867"]
[WhiteFideId "-1"]
[BlackFideId "-1"]
[PlyCount "78"]
[GameId "2255469308985885"]
[EventDate "2025.??.??"]
[WhiteTeam "L'Echiquier du Roy RenÃ©"]
[BlackTeam "Cercle d'Echecs Aubagnais"]

1. e4 c5 2. Nf3 d6 3. d4 cxd4 4. Nxd4 Nf6 5. Nc3 a6 6. f3 e5 7. Nb3 Be6 8. Nd5 Bxd5 9. exd5 Nbd7 10. Be3 Rc8 11. c4 Be7 12. Be2 O-O 13. O-O Nh5 14. Nd2 f5 15. f4 Nxf4 16. Bxf4 exf4 17. Kh1 Ne5 18. b3 Bf6 19. Rb1 Qd7 20. Nf3 Ng4 21. Nd4 Ne3 22. Qd3 Bxd4 23. Qxd4 Nxf1 24. Rxf1 Rce8 25. Bd1 Re4 26. Qd2 Qe7 27. Bf3 Re3 28. Kg1 Re8 29. Bh5 g6 30. Bf3 Qh4 31. Qf2 Qxf2+ 32. Kxf2 Rd3 33. Rd1 Rxd1 34. Bxd1 Kg7 35. h3 Kf6 36. Bf3 b6 37. b4 Ke5 38. a4 Kd4 39. a5 bxa5 0-1

[Event "OPEN AUBAGNE CEA 25-26"]
[Site "10 AV Joseph Fallen 13400 AUBAGNE"]
[Date "2025.12.13"]
[Round "4.5"]
[Board "5"]
[White "Dessagnes, Enzo"]
[Black "Vrillet, Sylvain"]
[Result "0-1"]
[WhiteElo "1565"]
[BlackElo "1777"]
[WhiteFideId "-1"]
[BlackFideId "-1"]
[PlyCount "48"]
[GameId "2255472079282773"]
[EventDate "2025.??.??"]
[WhiteTeam "Cercle d'Echecs Aubagnais"]
[BlackTeam "Cercle d'Echecs Aubagnais"]

1. e4 e5 2. Nf3 Nc6 3. Bc4 Be7 4. c3 Nf6 5. d3 O-O 6. O-O d6 7. Be3 Na5 8. Bb3 Nxb3 9. Qxb3 c6 10. Nbd2 Qc7 11. Qd1 d5 12. d4 exd4 13. Bxd4 Nxe4 14. Nxe4 dxe4 15. Nd2 c5 16. Be3 Bf5 17. g3 Rad8 18. Re1 Rfe8 19. Qc2 Rd3 20. Qa4 Red8 21. Nxe4 b5 22. Bf4 Qb7 23. Nxc5 Bxc5 24. Qb3 Bh3 0-1

[Event "OPEN AUBAGNE CEA 25-26"]
[Site "10 AV Joseph Fallen 13400 AUBAGNE"]
[Date "2025.12.13"]
[Round "4.6"]
[Board "6"]
[White "Maffone, Jean-Charles"]
[Black "Camus, Evan"]
[Result "1-0"]
[WhiteElo "1745"]
[BlackElo "1516"]
[WhiteFideId "-1"]
[BlackFideId "-1"]
[PlyCount "69"]
[GameId "2255129157525703"]
[EventDate "2025.??.??"]
[WhiteTeam "Cercle d'Echecs Aubagnais"]
[BlackTeam "Hay Chess"]

1. e4 e6 2. d4 d5 3. Nd2 dxe4 4. Nxe4 Bd7 5. c3 Bc6 6. Ng3 Nf6 7. Nf3 Bd6 8. Bd3 Nbd7 9. Qe2 O-O 10. Bg5 h6 11. Bd2 e5 12. Bb5 exd4 13. O-O Re8 14. Qd3 Bxf3 15. Qxf3 c6 16. Ba4 Ne5 17. Qd1 dxc3 18. Bxc3 Nd5 19. Be1 Bc7 20. Bb3 Ba5 21. Qh5 Nf4 22. Qf5 Nfg6 23. Rd1 Qc7 24. Bxa5 Qxa5 25. f4 Nh4 26. Qh3 Qc5+ 27. Kh1 Nxg2 28. Qxg2 Ng4 29. Qf3 h5 30. Rd7 Re3 31. Qd1 Rxg3 32. Bxf7+ Kf8 33. hxg3 Nf2+ 34. Rxf2 Qxf2 35. Qd6# 1-0

[Event "OPEN AUBAGNE CEA 25-26"]
[Site "10 AV Joseph Fallen 13400 AUBAGNE"]
[Date "2025.12.13"]
[Round "4.7"]
[Board "7"]
[White "Cotton, Paul"]
[Black "Gomez, Guy"]
[Result "0-1"]
[WhiteElo "1569"]
[BlackElo "1684"]
[WhiteFideId "-1"]
[BlackFideId "-1"]
[PlyCount "84"]
[GameId "2255473752502896"]
[EventDate "2025.??.??"]
[WhiteTeam "Cercle d'Echecs Aubagnais"]
[BlackTeam "Cercle d'Echecs Aubagnais"]

1. c4 c5 2. Nf3 g6 3. Nc3 Bg7 4. d3 e6 5. Bd2 Ne7 6. g3 Nbc6 7. Bg2 Rb8 8. O-O O-O 9. Rb1 d5 10. cxd5 exd5 11. a3 Be6 12. b4 d4 13. Ne4 c4 14. dxc4 Bxc4 15. Rc1 b5 16. Bf4 Rb6 17. Nd6 Bd5 18. h4 Bxf3 19. Bxf3 Ne5 20. Bxe5 Bxe5 21. Nb7 Qb8 22. Nc5 Rd8 23. Kh2 Nf5 24. Ne4 Nxh4 25. Rc5 Nxf3+ 26. exf3 Bg7 27. Qd2 d3 28. Rfc1 Bd4 29. Rc6 Rxc6 30. Rxc6 Qe5 31. Nf6+ Kg7 32. Ng4 Qe2 33. Qxe2 dxe2 34. Rc1 Bc3 35. Ne3 e1=Q 36. Rxe1 Bxe1 37. Kg2 Rd2 38. Kf1 Bxf2 39. Ng4 Bxg3 40. Ne3 f5 41. Ng2 Ra2 42. Ne1 Bxe1 0-1

[Event "OPEN AUBAGNE CEA 25-26"]
[Site "10 AV Joseph Fallen 13400 AUBAGNE"]
[Date "2025.12.13"]
[Round "4.8"]
[Board "8"]
[White "Deregnaucourt, Yves"]
[Black "Moerenhout, Jean Claude"]
[Result "1-0"]
[WhiteElo "1664"]
[BlackElo "1513"]
[WhiteFideId "-1"]
[BlackFideId "-1"]
[PlyCount "25"]
[GameId "2255131751215333"]
[EventDate "2025.??.??"]
[WhiteTeam "Cercle d'Echecs Aubagnais"]
[BlackTeam "Cercle d'Echecs Aubagnais"]

1. e4 d5 2. exd5 Qxd5 3. Nc3 Qa5 4. d4 Nf6 5. Nf3 h6 6. Bc4 c6 7. O-O Bg4 8. Bd2 Qd8 9. Bxf7+ Kxf7 10. Ne5+ Ke8 11. Nxg4 Nxg4 12. Qxg4 Nd7 13. Qh5+ 1-0

[Event "OPEN AUBAGNE CEA 25-26"]
[Site "10 AV Joseph Fallen 13400 AUBAGNE"]
[Date "2025.12.13"]
[Round "4.11"]
[Board "11"]
[White "Engles, Pierre"]
[Black "Coetto Dini, Joao"]
[Result "1-0"]
[WhiteElo "1616"]
[BlackElo "1299"]
[WhiteFideId "-1"]
[BlackFideId "-1"]
[PlyCount "61"]
[GameId "2255674761769139"]
[EventDate "2025.??.??"]
[WhiteTeam "Hay Chess"]
[BlackTeam "Cercle d'Echecs Aubagnais"]

1. Nf3 d5 2. g3 Nf6 3. Bg2 Bf5 4. O-O Nc6 5. d3 e6 6. Nh4 g6 7. Nxf5 gxf5 8. Bg5 Be7 9. Nc3 Bb4 10. Nb5 e5 11. Bxf6 Qxf6 12. Nxc7+ Kd7 13. Nxa8 Rxa8 14. Bxd5 Nd8 15. c3 Bd6 16. c4 Qg6 17. Rc1 Qg4 18. c5 Be7 19. Rc4 Rc8 20. Qa4+ Nc6 21. Rxg4 fxg4 22. Qxg4+ Ke8 23. Qxc8+ Nd8 24. Bxb7 Kf8 25. c6 f6 26. c7 Bd6 27. Qxd8+ Kg7 28. Be4 f5 29. Bxf5 Kh6 30. h4 Kh5 31. Qg5# 1-0

[Event "OPEN AUBAGNE CEA 25-26"]
[Site "10 AV Joseph Fallen 13400 AUBAGNE"]
[Date "2025.12.13"]
[Round "4.12"]
[Board "12"]
[White "Le Mauff, Marc"]
[Black "Autouard, Jean-Luc"]
[Result "1-0"]
[WhiteElo "1619"]
[BlackElo "1563"]
[WhiteFideId "-1"]
[BlackFideId "-1"]
[PlyCount "83"]
[GameId "2255480164717214"]
[EventDate "2025.??.??"]
[WhiteTeam "Cassis Echecs"]
[BlackTeam "Cercle d'Echecs Aubagnais"]

{[%evp 0,56,25,13,57,63,55,40,53,22,23,18,22,1,10,-1,24,22,18,-11,21,23,59,55,59,46,48,52,163,125,131,131,146,122,461,99,94,-162,-147,-169,-168,-176,-180,-215,-210,-212,-171,-228,-140,-175,-190,-265,0,0,-13,0,43,-130,-94]} 1. d4 f5 2. Nf3 Nf6 3. c4 e6 4. a3 Be7 5. Nc3 O-O 6. Bf4 d6 7. Rc1 Bd7 8. e3 Nh5 9. Bd3 Nxf4 10. exf4 Qe8 11. O-O Bf6 12. Re1 Qf7 13. d5 Bxc3 14. dxe6 Bxe6 15. Ng5 Qd7 16. Rxc3 Rf6 17. Nxe6 Rxe6 18. Bxf5 Rxe1+ 19. Qxe1 Qxf5 20. Qe8+ Qf8 21. Qe6+ Kh8 22. Re3 Na6 23. b4 c5 24. b5 Nc7 25. Qe4 Re8 26. Qxb7 Rxe3 27. fxe3 Qe7 28. Qc8+ Ne8 29. Qh3 Nf6 30. Qc8+ Ng8 31. Qh3 Qe4 32. Qf3 Qxc4 33. Qc6 Qc1+ 34. Kf2 Qd2+ 35. Kf3 Qd1+ 36. Kf2 h5 37. Qc7 Qd2+ 38. Kf3 Qd5+ 39. Kf2 Qa2+ 40. Kf3 Qxa3 41. Qxd6 c4 42. Qxa3 1-0

[Event "OPEN AUBAGNE CEA 25-26"]
[Site "10 AV Joseph Fallen 13400 AUBAGNE"]
[Date "2025.12.13"]
[Round "4.13"]
[Board "13"]
[White "Bouidh, Sonia"]
[Black "Hassaine, Rachid"]
[Result "1-0"]
[WhiteElo "1463"]
[BlackElo "1590"]
[WhiteFideId "-1"]
[BlackFideId "-1"]
[PlyCount "55"]
[GameId "2255670733250679"]
[EventDate "2025.??.??"]
[WhiteTeam "Echecs Academy de Marseille"]
[BlackTeam "Cercle d'Echecs Aubagnais"]

1. e4 e5 2. Nc3 Nc6 3. Bc4 a6 4. Nf3 Bc5 5. d3 d6 6. h3 Nf6 7. Bg5 Na5 8. Bb3 Nxb3 9. axb3 c6 10. Ne2 Be6 11. O-O h6 12. Be3 Bxe3 13. fxe3 O-O 14. Ng3 c5 15. c4 Qc8 16. Nf5 Bxf5 17. exf5 Qxf5 18. Nd4 Qg6 19. Nf5 Nh7 20. Ne7+ Kh8 21. Nxg6+ fxg6 22. Rxf8+ Rxf8 23. Qe2 g5 24. Rf1 Nf6 25. Qd2 b6 26. b4 Kh7 27. bxc5 Ne4 28. dxe4 1-0

[Event "OPEN AUBAGNE CEA 25-26"]
[Site "10 AV Joseph Fallen 13400 AUBAGNE"]
[Date "2025.12.13"]
[Round "4.14"]
[Board "14"]
[White "Connan, Pascal"]
[Black "Graillon, Baptiste"]
[Result "1/2-1/2"]
[WhiteElo "1580"]
[BlackElo "1461"]
[WhiteFideId "-1"]
[BlackFideId "-1"]
[PlyCount "106"]
[GameId "2255776071225433"]
[EventDate "2025.??.??"]
[WhiteTeam "Cercle d'Echecs Aubagnais"]
[BlackTeam "Marseille-Echecs"]

1. f4 Nf6 2. Nf3 Nc6 3. b3 d5 4. e3 a6 5. Bb2 e6 6. Bd3 Be7 7. O-O O-O 8. Nc3 Re8 9. Qe2 Bc5 10. Nd1 h6 11. Ne5 Bd7 12. Nf2 Qe7 13. a3 Rad8 14. Nfg4 Nxe5 15. Nxf6+ gxf6 16. fxe5 f5 17. Rf3 Kh7 18. Rh3 Rg8 19. Rf1 Rg5 20. g3 Bxa3 21. Bc3 Bb4 22. Rf4 Bxc3 23. dxc3 Rdg8 24. Rfh4 R8g6 25. Qf2 f6 26. Be2 fxe5 27. Bh5 Rf6 28. Kf1 Be8 29. Be2 Bb5 30. Bxb5 axb5 31. Qe2 Qc5 32. Rh5 Rfg6 33. Qd2 e4 34. Qf2 Rxh5 35. Rxh5 Rg5 36. Rh4 Qxc3 37. Qf4 Qg7 38. c3 Rg4 39. Rxg4 Qxg4 40. Qxc7+ Qg7 41. Qc5 Qd7 42. b4 Kg6 43. Qd4 Qg7 44. Qb6 Qd7 45. Kg2 Qc6 46. Qd4 Qc8 47. Kf2 Qc7 48. Ke2 Qg7 49. Qc5 Qd7 50. Qf8 Qf7 51. Qc8 Qe7 52. Qg8+ Kf6 53. Qh8+ Qg7 1/2-1/2

[Event "OPEN AUBAGNE CEA 25-26"]
[Site "10 AV Joseph Fallen 13400 AUBAGNE"]
[Date "2025.12.13"]
[Round "4.15"]
[Board "15"]
[White "Turpin, Isabelle"]
[Black "Hovaguimian, Gerard"]
[Result "0-1"]
[WhiteElo "1442"]
[BlackElo "1551"]
[WhiteFideId "-1"]
[BlackFideId "-1"]
[PlyCount "34"]
[GameId "2255676757385409"]
[EventDate "2025.??.??"]
[WhiteTeam "Cercle d'Echecs Aubagnais"]
[BlackTeam "Hay Chess"]

1. Nf3 Nf6 2. Nc3 c5 3. e4 d6 4. Bc4 g6 5. e5 dxe5 6. Nxe5 e6 7. Qf3 Bg7 8. Qe3 Qe7 9. d4 cxd4 10. Qxd4 O-O 11. Qh4 Qc5 12. Nf3 Qh5 13. Qf4 Nc6 14. Be3 e5 15. Qg3 Qg4 16. O-O-O Qxc4 17. Qh3 Bxh3 0-1

[Event "OPEN AUBAGNE CEA 25-26"]
[Site "10 AV Joseph Fallen 13400 AUBAGNE"]
[Date "2025.12.13"]
[Round "4.16"]
[Board "16"]
[White "Leonti, Denis"]
[Black "Giraudoux Lognos, Lina"]
[Result "0-1"]
[WhiteElo "1534"]
[BlackElo "1402"]
[WhiteFideId "-1"]
[BlackFideId "-1"]
[PlyCount "100"]
[GameId "2255677592813787"]
[EventDate "2025.??.??"]
[WhiteTeam "Hay Chess"]
[BlackTeam "Cercle d'Echecs Aubagnais"]

1. e4 c5 2. Nc3 d6 3. g3 g6 4. Bg2 Bg7 5. d3 Nf6 6. Be3 Ng4 7. Bd2 Nc6 8. f3 Nf6 9. Nge2 O-O 10. O-O Rb8 11. Qc1 b5 12. a3 Bd7 13. Bh6 a5 14. Bxg7 Kxg7 15. f4 Qc8 16. f5 Ne5 17. d4 cxd4 18. Nxd4 Qc5 19. Nce2 Bc6 20. b4 axb4 21. axb4 Qxb4 22. Nxc6 Nxc6 23. Kh1 Nxe4 24. Rb1 Qc5 25. Bxe4 Qc4 26. Qe3 Ne5 27. fxg6 hxg6 28. Bd3 Qd5+ 29. Qe4 Qxe4+ 30. Bxe4 Rh8 31. Kg2 Ng4 32. Rh1 Ne3+ 33. Kf3 Nc4 34. Rbd1 Ne5+ 35. Kg2 Ng4 36. Rd3 Nf6 37. Bf3 b4 38. Nd4 Rbc8 39. Nc6 d5 40. Nxb4 e5 41. Rd2 d4 42. Nd5 e4 43. Nxf6 exf3+ 44. Kxf3 Kxf6 45. Ke4 Rc4 46. h4 d3+ 47. Kxd3 Rc5 48. Rf1+ Kg7 49. Rf4 Rd8+ 50. Ke3 Re5+ 0-1

[Event "OPEN AUBAGNE CEA 25-26"]
[Site "10 AV Joseph Fallen 13400 AUBAGNE"]
[Date "2025.12.13"]
[Round "4.18"]
[Board "18"]
[White "Pala, Gerard"]
[Black "Rocchia, Alex"]
[Result "0-1"]
[WhiteElo "1446"]
[BlackElo "1480"]
[WhiteFideId "-1"]
[BlackFideId "-1"]
[PlyCount "66"]
[GameId "2255773816442939"]
[EventDate "2025.??.??"]
[WhiteTeam "Cercle d'Echecs Aubagnais"]
[BlackTeam "Cercle d'Echecs Aubagnais"]

1. c4 e5 2. Nc3 Bc5 3. Nf3 Nc6 4. g3 Nf6 5. Bg2 O-O 6. O-O d6 7. d3 Rb8 8. Bg5 h6 9. Bd2 Bg4 10. Nh4 Qc8 11. a3 a6 12. Re1 Bh3 13. Ne4 Nxe4 14. dxe4 Bxg2 15. Nxg2 Bd4 16. Rb1 Qe6 17. Qc2 Ba7 18. Ne3 Nd4 19. Qc3 Qd7 20. Nc2 Ne6 21. Be3 b6 22. Red1 Qe7 23. Nb4 Qe8 24. Nd5 a5 25. a4 c6 26. Bxb6 Bxb6 27. Nxb6 Rxb6 28. Qxa5 Qb8 29. Rxd6 Rxb2 30. Re1 Qxd6 31. Qc3 Rfb8 32. a5 Qb4 33. Qxe5 Qxe1+ 0-1

[Event "OPEN AUBAGNE CEA 25-26"]
[Site "10 AV Joseph Fallen 13400 AUBAGNE"]
[Date "2025.12.13"]
[Round "4.19"]
[Board "19"]
[White "Copetti, Christian"]
[Black "Innocenti, Georges"]
[Result "0-1"]
[WhiteElo "1499"]
[BlackElo "1399"]
[WhiteFideId "-1"]
[BlackFideId "-1"]
[PlyCount "90"]
[GameId "2255456871682106"]
[EventDate "2025.??.??"]
[WhiteTeam "Hay Chess"]
[BlackTeam "La Dame de la Sainte Baume"]

{[%evp 0,90,39,36,17,17,79,37,64,-19,70,63,74,81,89,-24,-26,-40,-37,-59,-65,-90,-83,-120,-52,-143,-141,-145,-142,-142,-142,-134,-150,-180,-180,-209,-121,-113,-77,-86,-87,-91,-72,-94,-94,-85,-75,-80,-67,-80,-80,-80,-94,-97,-103,-118,-86,-92,-92,-223,-228,-540,-558,-566,-505,-514,-518,-554,-548,-609,-550,-2164,-746,-863,-538,-587,-526,-797,-558,-680,-638,-808,-641,-645,-684,-713,-718,-1197,-1081,-1233,-1267,-1719,-1886]} 1. e4 e5 2. Nf3 d6 3. Bc4 Be7 4. c3 Bd7 5. d4 exd4 6. cxd4 Nf6 7. Be3 Nxe4 8. Nbd2 Nf6 9. O-O O-O 10. d5 c6 11. Qc2 Qc8 12. Bg5 cxd5 13. Bd3 Qxc2 14. Bxc2 Re8 15. Rfe1 Nc6 16. a3 h6 17. Bh4 Bf8 18. Bxf6 Rxe1+ 19. Rxe1 gxf6 20. Nf1 Re8 21. Rd1 Ne7 22. Ng3 Rc8 23. Bd3 Ba4 24. Re1 Bc2 25. Bxc2 Rxc2 26. Nh5 Rxb2 27. g3 Ra2 28. Nxf6+ Kg7 29. Ng4 Rxa3 30. Rb1 Rxf3 31. Rxb7 Ra3 32. Rd7 Nf5 33. Kg2 d4 34. h4 d3 35. Rc7 Ra2 36. Rc1 Nd4 37. Rf1 Nc2 38. Rd1 Ra3 39. Kh2 a5 40. Rb1 h5 41. Ne3 Nxe3 42. fxe3 d5 43. Rb5 Bb4 44. Rxd5 d2 45. Kh3 Ra1 0-1

[Event "OPEN AUBAGNE CEA 25-26"]
[Site "10 AV Joseph Fallen 13400 AUBAGNE"]
[Date "2025.12.13"]
[Round "4.21"]
[Board "21"]
[White "Peucelle, Richard"]
[Black "Belaid, Myriam"]
[Result "0-1"]
[WhiteElo "1399"]
[BlackElo "1399"]
[WhiteFideId "-1"]
[BlackFideId "-1"]
[PlyCount "76"]
[GameId "2255460205903976"]
[EventDate "2025.??.??"]
[WhiteTeam "Cercle d'Echecs Aubagnais"]
[BlackTeam "Cercle d'Echecs Aubagnais"]

1. e4 c5 2. Nf3 d6 3. d4 cxd4 4. Nxd4 g6 5. Nc3 Bg7 6. Be3 Nf6 7. f3 Bd7 8. Bc4 Nc6 9. Bb3 Qc7 10. Qd2 O-O 11. O-O-O a6 12. g4 Rab8 13. h4 Nxg4 14. fxg4 Bxg4 15. Rdf1 Be6 16. Bh6 Bxb3 17. Nxb3 b5 18. Bxg7 Kxg7 19. h5 b4 20. h6+ Kg8 21. Nd5 Qd7 22. a3 bxa3 23. bxa3 Ne5 24. Rfg1 Qa4 25. Nc3 Qxa3+ 26. Kd1 Rxb3 27. cxb3 Qxb3+ 28. Qc2 Qb6 29. Rg2 Qd4+ 30. Rd2 Qe3 31. Re1 Qxh6 32. Nd5 Qh5+ 33. Kc1 Nf3 34. Nf4 Qg4 35. Qd1 Qxf4 36. Qxf3 Qxf3 37. Rh2 Qf4+ 38. Rd2 Rc8+ 0-1